Statistics for Types Of Fifa 17 Cards

Click here to take the quiz!

General Stats

  • This quiz has been taken 27 times
  • The average score is 13 of 30

Answer Stats

Answer% Correct
Team Of The Season
100%
Team Of The Year
95%
Rare Gold
79%
Rare Bronze
74%
Rare Silver
74%
Man Of The Match
68%
Team Of The Week
68%
Legend
63%
Non Rare Bronze
63%
Non Rare Gold
63%
Halloween
58%
Non Rare Silver
58%
Hero
47%
Squad Building Challenge
47%
Team Of The Group Stage
47%
Ones To Watch
37%
Player Of The Month
37%
FUT Birthday
32%
Futties
32%
Movember
32%
Record Breaker
32%
Pro
26%
St Patricks
26%
FUT Champions
21%
Player Of The Year
21%
Team Of The Knockout Stages
16%
Storymode
11%
Transfer
11%
Concept
5%
Upgraded
0%

Score Distribution

Percentile by Number Answered

Percent of People with Each Score

Your Score History

You have not taken this quiz